00740nam a22002057a 4500999001900000005001700019010001300036020001100049035001100060037001300071082000800084100002300092245009000115246003400205260003500239270007000274300002300344942003100367952013600398 c179199d17919920210531103017.0 aUR-11126 c180.00 aU-9681 bDBAD/PUB a954 aٹی نر ہر ی  aآ ینہ(حسب شر ا يظ طبا عت د ر ج ر جسٹر)cٹی نر ہر ی  aAayyina (Urdu)bby T. Narhari aHyderabadc2021 ءbT. Narhari a21-4-892,Mohhla Gulab Singh Bawli,TilanganabHyderabade500064l- a224 ص c22 Cm(Hb) 2ddccURh844954mن ر ہ  001040718NFICaDBADbLd2021-05-31eDBAD/PUBg180.00l0o844954 ن ر ہpU-9681r2021-05-31 00:00:00t1v180.00w2021-05-31yUR